000 00402nam a22001457a 4500
999 _c2109
_d2109
008 200213b ||||| |||| 00| 0 eng d
082 0 0 _a387.5
_bA2578
110 _91706
_aAnglo French Limited Services
245 1 0 _aMerchant ships
_cby Anglo French Limited Services
260 _aUSA
_bAnglo French Limited Services
_c1949
300 _a140p.
365 _d3.12
650 0 _aMerchant Ships
942 _cBK